Pokémon - Kanto Trivia Quiz - Statistics

General Stats
  • This quiz has been taken 224 times
  • The average score is 20 of 30
Answer Stats
Hint Answer % Correct
Name of the Grass-type starter Pokémon Bulbasaur
98%
First Gym Leader Brock
97%
Final Pokémon in the Kanto Pokédex Mew
94%
Name of the starting town Pallet Town
94%
Type of Blaine's gym Fire
93%
Legendary Pokémon that lives in the Power Plant Zapdos
85%
Nurse Joy's partner Chansey
81%
Level the Grass-type starter reaches its final evolution 32
78%
Pokémon whose spirit haunted the Pokémon Tower Marowak
76%
Type specialty of Lorelei of the Elite Four Ice
73%
Creepy town with the haunted Pokémon Tower Lavender Town
73%
City with the final Gym Viridian City
73%
Natural disaster that destroyed Cinnabar Island Volcanic eruption
72%
Boat that docks at Vermilion City S.S. Anne
70%
Cave where you can find Mewtwo Cerulean Cave
69%
Only Dragon-type move in Generation 1 Dragon Rage
69%
Final member of the Elite Four (in FireRed/LeafGreen) Lance
64%
Pokémon described in the Pokédex as the "Legendary Pokémon" Arcanine
60%
Kanto route that's only 7 steps long in Gold/Silver Route 23
60%
Most populous city in Kanto Celadon City
55%
Professor Oak's first name Samuel
53%
Most common type of Pokémon in Kanto Poison
52%
Number of routes in Kanto (in FireRed/LeafGreen) 25
51%
PokéManiac who lives near Cerulean City Bill
51%
Name of the group of islands only appearing in FireRed/LeafGreen Sevii Islands
48%
Building that replaced the Pokémon Tower in Gold/Silver Radio Tower
41%
Pokémon obtained by trading someone a Spearow in Vermilion City Farfetch'd
39%
Move Charmander learns by level-up in ONLY FireRed/LeafGreen Metal Claw
35%
Scientist responsible for creating Mewtwo Mr. Fuji
31%
Event-exclusive island on which Deoxys is found Birth Island
17%
No matching quizzes found
Score Distribution
Percent of People with Each Score
Percentile by Number Answered
Your Score History
You have not taken this quiz